<?xml version="1.0" encoding="UTF-8"?>
<record
    xmlns:xsi="http://www.w3.org/2001/XMLSchema-instance"
    xsi:schemaLocation="http://www.loc.gov/MARC21/slim http://www.loc.gov/standards/marcxml/schema/MARC21slim.xsd"
    xmlns="http://www.loc.gov/MARC21/slim">

  <leader>01691nam a2200265 a 4500</leader>
  <controlfield tag="001">000025181</controlfield>
  <controlfield tag="005">20200930023618.0</controlfield>
  <controlfield tag="008">110211s2005    dr a          000 f spa d</controlfield>
  <datafield tag="040" ind1=" " ind2=" ">
    <subfield code="a">DO-SdBNP</subfield>
    <subfield code="b">spa</subfield>
    <subfield code="c">BNPHU</subfield>
  </datafield>
  <datafield tag="082" ind1=" " ind2=" ">
    <subfield code="a">813.3</subfield>
    <subfield code="b">M813c, 2005</subfield>
  </datafield>
  <datafield tag="100" ind1="1" ind2=" ">
    <subfield code="a">Montse V.</subfield>
    <subfield code="9">261</subfield>
  </datafield>
  <datafield tag="240" ind1="1" ind2="0">
    <subfield code="a">Uncle Tom's Cabin.</subfield>
    <subfield code="l">Espa&#xF1;ol</subfield>
  </datafield>
  <datafield tag="245" ind1="1" ind2="3">
    <subfield code="a">La caba&#xF1;a del tio Tom /</subfield>
    <subfield code="c">Harriet Beecher Stower ; versi&#xF3;n Montse V.; illustraciones A. Centeno.</subfield>
  </datafield>
  <datafield tag="260" ind1=" " ind2=" ">
    <subfield code="a">Santo Domingo :</subfield>
    <subfield code="b">Topogan-Panapo,</subfield>
    <subfield code="c">2005.</subfield>
  </datafield>
  <datafield tag="300" ind1=" " ind2=" ">
    <subfield code="a">143 p. :</subfield>
    <subfield code="b">il. ;</subfield>
    <subfield code="c">24 cm.</subfield>
  </datafield>
  <datafield tag="490" ind1="1" ind2=" ">
    <subfield code="a">Cl&#xE1;sicos universales</subfield>
  </datafield>
  <datafield tag="505" ind1="0" ind2=" ">
    <subfield code="a">La madre --</subfield>
    <subfield code="t">Una velada en la caba&#xF1;a del t&#xED;o Tom --</subfield>
    <subfield code="t">Descubierta --</subfield>
    <subfield code="t">Angustias maternales --</subfield>
    <subfield code="t">El senador --</subfield>
    <subfield code="t">La propiedad pasa a otras manos --</subfield>
    <subfield code="t">!Tambi&#xE9;n los negros tienen alma! --</subfield>
    <subfield code="t">Un comercio legal --</subfield>
    <subfield code="t">La casa de los cu&#xE1;queros --</subfield>
    <subfield code="t">Evangelina --</subfield>
    <subfield code="t">El nuevo amo de Tom y su casa --</subfield>
    <subfield code="t">El ama a Tom y sus opiniones --</subfield>
    <subfield code="t">!Ah, la anhelada libertad! --</subfield>
    <subfield code="t">Miss Ofelia en casa de sus primos --</subfield>
    <subfield code="t">Miss Ofelia en casa de sus primos (continuaci&#xF3;n)</subfield>
    <subfield code="t">Topsy --</subfield>
    <subfield code="t">El prado se amustia, la flor se aja --</subfield>
    <subfield code="t">Enrique --</subfield>
    <subfield code="t">La peque&#xF1;a Evangelista --</subfield>
    <subfield code="t">El fin de todas las cosas terrenas --</subfield>
    <subfield code="t">Los abandonados --</subfield>
    <subfield code="t">El almac&#xE9;n de esclavos --</subfield>
    <subfield code="t">El viaje horrible --</subfield>
    <subfield code="t">Cassy --</subfield>
    <subfield code="t">Evocaci&#xF3;n --</subfield>
    <subfield code="t">Libertad --</subfield>
    <subfield code="t">La estratagema --</subfield>
    <subfield code="t">El m&#xE1;rtir --</subfield>
    <subfield code="t">La aut&#xE9;ntica historia de un fantasma --</subfield>
    <subfield code="t">Resultados --</subfield>
    <subfield code="t">El libertador --</subfield>
    <subfield code="t">Conclusi&#xF3;n.</subfield>
  </datafield>
  <datafield tag="650" ind1=" " ind2="4">
    <subfield code="a">Novela estadounidense</subfield>
    <subfield code="9">262</subfield>
  </datafield>
  <datafield tag="650" ind1=" " ind2="4">
    <subfield code="a">Literatura estadounidense</subfield>
    <subfield code="9">263</subfield>
  </datafield>
  <datafield tag="700" ind1="1" ind2="2">
    <subfield code="a">Stowe, Harriet Beecher</subfield>
    <subfield code="d">1811-1896</subfield>
    <subfield code="t">La caba&#xF1;a del tio Sam</subfield>
    <subfield code="9">51663</subfield>
  </datafield>
  <datafield tag="700" ind1="1" ind2="2">
    <subfield code="a">A. Centeno.</subfield>
    <subfield code="e">il.</subfield>
    <subfield code="9">265</subfield>
  </datafield>
  <datafield tag="830" ind1=" " ind2="0">
    <subfield code="a">Cl&#xE1;sicos universales</subfield>
    <subfield code="9">266</subfield>
  </datafield>
  <datafield tag="910" ind1=" " ind2=" ">
    <subfield code="a">Validado. Control de calidad MFF</subfield>
  </datafield>
  <datafield tag="049" ind1=" " ind2=" ">
    <subfield code="a">BNPD</subfield>
  </datafield>
  <datafield tag="952" ind1=" " ind2=" ">
    <subfield code="0">0</subfield>
    <subfield code="1">0</subfield>
    <subfield code="7">1</subfield>
    <subfield code="8">PD</subfield>
    <subfield code="a">PD</subfield>
    <subfield code="b">PD</subfield>
    <subfield code="c">HD</subfield>
    <subfield code="d">2011-02-11</subfield>
    <subfield code="i">LF1</subfield>
    <subfield code="l">0</subfield>
    <subfield code="o">813.3 M813c, 2005</subfield>
    <subfield code="p">25181-10</subfield>
    <subfield code="r">2020-06-25</subfield>
    <subfield code="w">2020-06-25</subfield>
    <subfield code="y">LFPD</subfield>
    <subfield code="Z">No se presta</subfield>
  </datafield>
  <datafield tag="999" ind1=" " ind2=" ">
    <subfield code="c">24674</subfield>
    <subfield code="d">24674</subfield>
  </datafield>
</record>
